000 00661nam a2200277Ia 4500
005 20260324135228.0
008 008 260324s9999 xx 000 0 eng d
020 _a9781410605283
037 _aEBOOK
040 _aCRL
040 _beng
040 _cCRL
041 _2eng
041 _aeng
084 _qCRL
100 _aGlayol V. Ekbatani; Herbert D. Pierson
_91199812
245 0 _aLearner-directed Assessment in Esl
260 _bTaylor and Francis
260 _c2000
365 _a
365 _b230
856 _uhttp://www.taylorfrancis.com/books/9781410605283
942 _cEBOOK
999 _c1800671
_d1800671